| 000 | 00832nam a2200253 a 4500 | ||
|---|---|---|---|
| 005 | 20230208063858.0 | ||
| 008 | 090608s2006 es r 000 0 spa d | ||
| 020 | _a9788467511819 | ||
| 035 | _aUPN01000171036 | ||
| 049 | _aCG | ||
| 050 | 4 |
_aHV5135 _bG3.3 |
|
| 100 | 1 |
_aGarcía-Clairac, Santiago, _d1944- _931815 |
|
| 245 | 1 | 3 |
_aLa chica de la ginebra : _balcoholismo / _cSantiago García-Clairac, Fundación de Ayuda Contra la Drogadicción (FAD). |
| 260 |
_aMadrid : _bSM, _c2006. |
||
| 300 | _a215 p. | ||
| 440 | 0 |
_aTú verás ; _v7 |
|
| 650 | 4 |
_aALCOHOL Y JUVENTUD _92114 |
|
| 650 | 4 |
_aALCOHOL - _xEFECTOS FISIOLOGICOS _92109 |
|
| 650 | 4 |
_aAbuso de drogas _9242 |
|
| 650 | 4 |
_aALCOHOLISMO - _vNOVELA _912767 |
|
| 710 | 2 |
_aFundación de Ayuda Contra la Drogadicción. _tAlcoholismo |
|
| 740 | 0 | _aAlcoholismo | |
| 905 | _aLibro | ||
| 999 |
_c143141 _d143141 |
||